Torschützen Eintracht Frankfurt 2021/2022 - Statistiken

Allgemein
  • Dieses Quiz wurde 348 mal gespielt
  • Das Durchschnittsergebnis liegt bei 11 aus 16
Antwortstatistiken
Tore
insgesamt
BL
DFB-
Pokal
EL Spieler % Korrekt
9 4 - 5 Daichi Kamada
93%
7 4 - 3 Filip Kostić
88%
12 8 - 4 Rafael Santos Borré
88%
1 1 - - Sebastian Rode
81%
4 4 - - Evan Ndicka
76%
5 5 - - Jesper Lindstrøm
75%
4 4 - - Tuta
75%
2 1 - 1 Ansgar Knauff
73%
3 2 - 1 Djibril Sow
73%
1 1 - - Martin Hinteregger
71%
1 1 - - Kristijan Jakić
55%
1 - - 1 Almamy Touré
49%
3 2 - 1 Jens Petter Hauge
49%
5 3 - 2 Gonçalo Paciência
48%
2 1 - 1 Sam Lammers
40%
2 2 - - Ajdin Hrustić
36%
Keine übereinstimmenden Quizze gefunden
Verteilung der Resultate
Anzahl Personen mit jedem Resultat
Perzentil nach korrekt beantworteten Fragen
Ihre Resultats-Entwicklung
Sie haben dieses Quiz noch nicht gespielt